Κατάλογος Βιβλιοθηκών Mediterranean College

Έρευνα Ικανοποίησης Εργαζομένων στην Περίοδο της Οικονομικής Κρίσης/ Η Περίπτωση της ''Tak J and Ρ ΑΒΑΞ Ανώνυμος ΕΤΑ (Record no. 8601)

MARC details
000 -LEADER
fixed length control field 01754cam a22001934a 4500
005 - ΗΜΕΡΟΜΗΝΙΑ ΚΑΙ ΩΡΑ ΤΕΛΕΥΤΑΙΑΣ ΕΝΗΜΕΡΩΣΗΣ
Πεδίο ελέγχου 20250605164341.0
008 - FIXED-LENGTH DATA ELEMENTS--GENERAL INFORMATION
Πεδίο ελέγχου σταθερού μήκους 250528s ||||||||||||||||||||||||d
035 ## - SYSTEM CONTROL NUMBER
System control number 23601
040 ## - ΠΗΓΗ ΚΑΤΑΛΟΓΟΓΡΑΦΗΣΗΣ
Φορέας πρωτότυπης καταλογογράφησης MC Athens Campus Library
Γλώσσα καταλογογράφησης Ελληνικά, Μοντέρνα (1453-)
Modifying agency MC Athens Campus Library
Κανόνες περιγραφικής καταλογογράφησης AACR2
245 1# - ΤΙΤΛΟΣ ΚΑΙ ΔΗΛΩΣΗ ΥΠΕΥΘΥΝΟΤΗΤΑΣ
Τίτλος Έρευνα Ικανοποίησης Εργαζομένων στην Περίοδο της Οικονομικής Κρίσης/ Η Περίπτωση της ''Tak J and Ρ ΑΒΑΞ Ανώνυμος ΕΤΑ
260 ## - PUBLICATION, DISTRIBUTION, ETC.
Date of publication, distribution, etc. 2016
300 ## - PHYSICAL DESCRIPTION
Extent 118
520 ## - SUMMARY, ETC.
Summary, etc. Εισαγωγή, Σκοπός της Εργασίας, Ερωτήματα που Προκύπτουν - Στόχοι της Έρευνας, Βιβλιογραφική Ανασκόπηση, Εννοιολογικός Προσδιορισμός της Εργασιακής Ικανοποίησης, Θεωρητικές Προσεγγίσεις της Εργασιακής Ικανοποίησης, Εμπειρικές Έρευνες - Μεταβλητές Εργασιακής Ικανοποίησης, Χρηματική Αμοιβή - Παροχές, Γενικές Συνθήκες Εργασίας, Σχέσεις Μεταξύ Συναδέλφων, Σχέσεις Εργαζομένων και Διοίκησης-Ηγεσίας, Αξιοποίηση Ικανοτήτων και Δεξιοτήτων, Αίσθημα Ασφάλειας στην Εργασία, Σχεδιασμός και Στρατηγική Έρευνας, Μέθοδος Ανάλυσης Δεδομένων, Έλεγχος Αξιοπιστίας, Υλοποίηση της Έρευνας, Ηθικές Προεκτάσεις.
700 1# - ΠΡΟΣΘΕΤΗ ΑΝΑΓΡΑΦΗ--ΦΥΣΙΚΟ ΠΡΟΣΩΠΟ
Personal name Λιανός Πάρης
9 (RLIN) 9190
700 1# - ΠΡΟΣΘΕΤΗ ΑΝΑΓΡΑΦΗ--ΦΥΣΙΚΟ ΠΡΟΣΩΠΟ
Personal name Μιχελάκης Ευτύχιος
9 (RLIN) 9191
942 ## - ADDED ENTRY ELEMENTS (KOHA)
Koha item type Διπλωματική εργασία
Holdings
Τύπος τεκμηρίου Βιβλιοθήκη Τρέχουσα τοποθεσία Barcode Ημερομηνία απόκτησης Ταξιθετικό σύμβολο Αριθμός αντιτύπου Κατάσταση απόσυρσης Κατάσταση χαμένου Κατάσταση κατεστραμμένου Μη δανεισμός Σύνολο δανεισμών Ημερομηνία τελευταίας εμφάνισης Η τιμή ισχύει από
Διπλωματική εργασία MC Athens Campus Library MC Athens Campus Library 9780000086006 05/06/2025 BUS 2016 (1) 1           05/06/2025 05/06/2025

MC Athens Campus Library
Πατησίων 94 & Κοδριγκτώνος 13, 104 34
Πελλήνης 8 & Πατησίων 107, 112 51
Τ: +30 210 8899600

MC Thessaloniki Campus Library
Ίωνος Δραγούμη 21, 54625 | Ίωνος Δραγούμη 15, 54625
Τ: +30 2310 287779 – Τ: +30 2314 440300